| 000 | 00844cam a22002651 4500 | ||
|---|---|---|---|
| 001 | sa 68020270 | ||
| 003 | DLC | ||
| 005 | 20260227112723.0 | ||
| 008 | 780720s1965 io f000 0 ind | ||
| 010 | _asa 68020270 | ||
| 035 | _a(OCoLC)4068113 | ||
| 040 |
_aDLC _cNIC _dDLC |
||
| 041 | 0 |
_aind _bger |
|
| 042 | _apremarc | ||
| 050 | 0 | 0 |
_aSD387.L3 _bW37 |
| 100 | 1 | _aWasono, Pramoe. | |
| 245 | 1 | 0 | _aPrestasi kerdja pekerdjaan2 dalam bidang kehutanan. |
| 260 |
_aBogor, _bLembaga Penelitian Ekonomi Kehutanan, _c1965. |
||
| 300 |
_a9, 4, 4, 4 p. _c32 cm. |
||
| 490 | 1 |
_aLembaga2 penelitian kehutanan ; laporan _vno. 7, 1965 |
|
| 500 | _aSummary in German. | ||
| 650 | 0 |
_aForests and forestry _xLabor productivity. |
|
| 650 | 0 |
_aForests and forestry _zIndonesia. |
|
| 810 | 2 |
_aLembaga Lembaga Penelitian Kehutanan. _tLaporan ; _vno. 7, 1965. |
|
| 999 |
_c89325 _d89325 |
||